Normal view
MARC view
Entry Personal Name
001 - CONTROL NUMBER
- control field: 6671
003 - CONTROL NUMBER IDENTIFIER
- control field: ARRUPE
005 - DATE AND TIME OF LATEST TRANSACTION
- control field: 20140116133457.0
008 - FIXED-LENGTH DATA ELEMENTS
- fixed length control field: 140116|| aca||aabn | a|a d
040 ## - CATALOGING SOURCE
- Original cataloging agency: ARRUPE
- Transcribing agency: ARRUPE
100 ## - HEADING--PERSONAL NAME
- Personal name: Božovič, Miran.
670 ## - SOURCE DATA FOUND
- Source citation: Work cat.: (ARRUPE)0: Bentham, Jeremy, 1748-1832. 6667, The Panopticon writings /, 1995.